Ruský jazyk .Odborná četba pro střední ekonomické školy.

Uložené v:
Podrobná bibliografia
Hlavný autor: Choděra Radomír a kol
Médium: Kniha
Jazyk:Slovak
Vydané: Praha, 1977.
Vydanie:5.vydanie
Fyzický popis: 292 strán.
Tagy: Pridať tag
Žiadne tagy, Buďte prvý kto otaguje tento záznam!

MARC

LEADER 00000nam a22000002i 4500
001 000624924
005 20200413203914.0
008 191106s1977 xo e 000 0 slo d
020 |c Kčs 13,50  |q (viazané) 
040 |a SVKKK  |b slo  |c SVKKK  |e rda 
100 1 |a Choděra Radomír a kol. 
245 1 0 |a Ruský jazyk .Odborná četba pro střední ekonomické školy. 
250 |a 5.vydanie 
264 1 |a Praha,  |c 1977. 
300 |a 292 strán. 
336 |a text  |b txt  |2 rdacontent 
337 |a bez média  |b n  |2 rdamedia 
338 |a zväzok  |b nc  |2 rdacarrier 
500 |a Záznam revízie 
910 |a svkkk 
998 |a BK 
090 |g SCKHL  |k Sklad Pribinova 2. posch.  |a II.230047  |j 556715  |i 2720698646  |s Absenčne